| 000 | 00771nam a22002537a 4500 | ||
|---|---|---|---|
| 001 | 000047465 | ||
| 003 | DO-SdBNP | ||
| 005 | 20240305073651.0 | ||
| 008 | 081204s2002 dr abc 000 0 spa d | ||
| 020 | _a9993487597 | ||
| 040 |
_aDO-SdBNP _bspa _cBNPHU |
||
| 082 |
_a374.1 _bP927ed, 2002 |
||
| 245 | 0 | 0 |
_aPrepara : _bmodulo 01 del 1ero de bachillerato , educación de adultos. |
| 260 |
_aSanto Domingo : _bSantillana, _c2002. |
||
| 300 |
_a143 p. : _bil., map., retrs. ; _c28 cm. |
||
| 490 | 1 | _aSantillana adultos ; | |
| 590 | _aInventariado, 2022 / DG | ||
| 650 | 4 |
_aEducación de adultos _91419 |
|
| 650 | 4 |
_aEspañol _xEnseñanza _9406 |
|
| 700 | 1 |
_aGarcía Cartagena, Manuel _912067 |
|
| 830 | 0 |
_aSantillana adultos _91481 |
|
| 910 | _aDG | ||
| 942 |
_2ddc _cLBS1 |
||
| 999 |
_c51334 _d51334 |
||